Discographie de Laylow (2021) - Statistiques

Statistiques générales
  • Ce quiz a été pris 870 fois
  • Le résultat moyen est 38 sur 103
Statistiques - réponses
Mercy % Correct
10'
84%
MEGATRON
77%
.RAW
75%
SPECIAL
74%
UNE HISTOIRE ÉTRANGE
72%
R9R-LINE
70%
...DE BATARD
69%
LOGICIEL TRISTE
68%
Maladresse
67%
TRINITYVILLE
67%
Vent de l'est
67%
BURNING MAN
63%
PLUG
63%
Digitalova
62%
Mercy
62%
UN RÊVE ÉTRANGE
62%
DEHORS DANS LA NIGHT
60%
POIZON
59%
HELP !!!
58%
NAKRé
58%
MILLION FLOWERZ
57%
VOIR LE MONDE BRÛLER
56%
STUNTMEN
55%
FALLEN ANGELS
54%
LOST FOREST
54%
VAMONOS
54%
Swish
53%
HILLZ
52%
Initialisation
52%
Prince de sang-mêlé
52%
QUE LA PLUIE
52%
WINDOW SHOPPER PART.2
52%
WINDOW SHOPPER PART.1
51%
Hello .RAW-Z
50%
LONGUE VIE...
50%
Y2
49%
Gogo
47%
AKANIZE
46%
Avenue
45%
PIRANHA BABY
45%
Villa sur la côte
44%
Elephant
43%
Ciel pleure
41%
Oto
40%
Amy
38%
.RAW Spleen
38%
Ciudad
37%
Démons
36%
Pk tu m'intéresse
36%
+ De Pluie...
35%
Division Rouge
34%
Visa
34%
Bionic
33%
Bruit de couloir
33%
Médaille
33%
Z-machine
33%
Bad Romance
32%
Clic clac bang bang
32%
Wavy
32%
I Don't : Need U / Know
30%
Lime
30%
Hi-Fi
29%
Brrr
27%
CINÉ CLUB
26%
Malentendu
26%
Mieux vaut pas regarder, Pt. 1
26%
Mieux vaut pas regarder, Pt. 2
26%
Draxter
24%
Ignore
24%
Digital Vice City
23%
IVERSION
23%
Action Men
22%
Manuel d'utilisation
22%
Tempête
22%
Enlève le shirt
21%
NightShop BlaBla
21%
Tu Comprends Maintenant ?
21%
Jenny from da Block
19%
Menu Principal
19%
Tentative de reconnexion
19%
Toyotarola
19%
Tu Veux Déjà Me Dire Aurevoir ?
19%
C'est Eux Contre Nous
18%
Gtmotors
18%
Batards
17%
Il était une fois sous l'eau
17%
No Love (Oh Na)
17%
Amor
16%
Promi
16%
Ça Va Pas Être Possible...
15%
Elle aime
14%
SANG FROID
13%
Vide
12%
À la vie à la mort
11%
Bonsoir Mon Viel Ami
11%
Mama Mia
11%
Playmate
10%
Film Fr
9%
Gangster & Gentleman
9%
Vroum Vroum
8%
Money Call
7%
Inside
4%
Western Union
4%
Aucun quiz correspondant
Distribution des résultats
% des personnes avec chaque résultat
Percentile par nombre de réponses
Votre historique - résultats
Vous n’avez pas pris ce quiz